| 000 | 00749nam a2200253Ia 4500 | ||
|---|---|---|---|
| 003 | OSt | ||
| 005 | 20240729163426.0 | ||
| 008 | 210210b2012 xxu||||| |||| 00| 0 eng d | ||
| 020 | _a8126033207 | ||
| 040 | _cAL | ||
| 041 | _aKannada | ||
| 082 | _aK894.9 KESB | ||
| 100 |
_aKESHAVAREDDY HANDRALA _dಕೇಶವರೆಡ್ಡಿ ಹಂದ್ರಾಳ _9174452 |
||
| 245 |
_aBesagarahalli Ramanna _bಬೆಸಗರಹಳ್ಳಿ ರಾಮಣ್ಣ |
||
| 260 |
_aNavadehali _bSahitya Akademi _c2012 |
||
| 300 | _a108 | ||
| 650 |
_asahitya _9174453 |
||
| 650 |
_aRamanna _9174454 |
||
| 650 |
_anirmapakaru:Besagarahalli _9174455 |
||
| 650 |
_aBharatiya _9174456 |
||
| 690 |
_aKannada Criticism _9174457 |
||
| 906 | _a072055 | ||
| 942 |
_2ddc _cBK |
||
| 999 |
_c121928 _d121928 |
||